[Event "4NCL/Div1/3CS1 vs. RICA"]
[Site "West Bromwich ENG"]
[Date "2005.05.01"]
[Round "10.3"]
[White "Gordon, Stephen J"]
[Black "Hinks-Edwards, Thomas"]
[Result "1-0"]
[WhiteElo "2364"]
[BlackElo "2356"]
[PlyCount "225"]
[EventDate "2005.05.01"]
[SourceDate "2004.09.21"]

1. d4 Nf6 2. c4 e6 3. Nf3 b6 4. g3 Ba6 5. b3 Bb4+ 6. Bd2 Be7 7. Bg2 c6 8. Bc3
d5 9. Ne5 Nfd7 10. Nxd7 Nxd7 11. Nd2 O-O 12. O-O Rc8 13. Re1 c5 14. cxd5 exd5
15. Rc1 Nf6 16. Bb2 Bb7 17. Qc2 Qd7 18. Qd3 cxd4 19. Nf3 Ne4 20. Nxd4 Bf6 21.
e3 h6 22. Red1 Rxc1 23. Rxc1 Rc8 24. Rxc8+ Qxc8 25. Bf1 g6 26. f3 Nc5 27. Qc2
Kg7 28. Nb5 Qe6 29. Kf2 a6 30. Nd4 Qd6 31. Bh3 Nd7 32. Bxd7 Qxd7 33. Ne2 Bxb2
34. Qxb2+ f6 35. Qc3 Qd6 36. Nd4 Kf7 37. b4 Qd7 38. a4 h5 39. a5 bxa5 40. bxa5
Qd6 41. Kg2 Qe7 42. Qb3 Qc7 43. Kf2 h4 44. Kg2 hxg3 45. hxg3 Qd7 46. Qb6 Ke7
47. g4 Bc8 48. Qc5+ Kf7 49. Kf2 Bb7 50. Qb6 Bc8 51. Ne2 Qb7 52. Qd8 Qd7 53. Qh8
g5 54. Nd4 Qe8 55. Qh7+ Kf8 56. Qc7 Bd7 57. Qd6+ Kf7 58. Qxd5+ Kg6 59. Qd6 Qc8
60. Qd5 Qc7 61. Kg2 Kg7 62. Kh3 Qc8 63. Qd6 Kf7 64. Kg2 Qb7 65. Kg3 Qc8 66. Nb3
Qc6 67. Qxc6 Bxc6 68. Nc5 Bb5 69. f4 gxf4+ 70. Kxf4 Kg6 71. e4 Bf1 72. Ne6 Bc4
73. Nc5 Bf1 74. Nb3 Bc4 75. Nd4 Bf1 76. Nf3 Be2 77. Nh4+ Kf7 78. Nf5 Kg6 79.
Ne3 Bd3 80. Nd5 Be2 81. Ne7+ Kf7 82. Nc6 Bb5 83. Nd4 Bd7 84. g5 fxg5+ 85. Kxg5
Ke7 86. e5 Bh3 87. Kf4 Kd7 88. Ke3 Bg2 89. Kd3 Bf1+ 90. Kc3 Bg2 91. Kc4 Bf1+
92. Kc5 Ke7 93. Kb6 Kd7 94. Kb7 Bc4 95. Kb6 Bf1 96. Kc5 Bg2 97. Ne2 Bf1 98. Nf4
Bb5 99. e6+ Ke7 100. Kd5 Ba4 101. Ke5 Bb3 102. Nd5+ Ke8 103. Nc7+ Ke7 104. Nd5+
Ke8 105. Kd6 Ba4 106. Nc7+ Kd8 107. e7+ Kc8 108. e8=Q+ Bxe8 109. Nxe8 Kb7 110.
Nc7 Ka7 111. Kc6 Kb8 112. Nxa6+ Ka7 113. Nc7 1-0

[Event "4NCL/Div1/3CS1 vs. RICA"]
[Site "West Bromwich ENG"]
[Date "2005.05.01"]
[Round "10.4"]
[White "Quinn, Mark"]
[Black "Hamelink, Desiree"]
[Result "0-1"]
[WhiteElo "2395"]
[BlackElo "2249"]
[PlyCount "72"]
[EventDate "2005.05.01"]
[SourceDate "2004.09.21"]

1. d4 d5 2. Nf3 c6 3. c4 Nf6 4. Qb3 dxc4 5. Qxc4 Bf5 6. g3 e6 7. Bg2 Be7 8. O-O
Nbd7 9. Rd1 O-O 10. e3 Rc8 11. Nc3 b5 12. Qe2 b4 13. Na4 Qa5 14. b3 c5 15. Ne5
cxd4 16. Nc6 Rxc6 17. Bxc6 d3 18. Qf1 Nc5 19. Qg2 Nxa4 20. bxa4 Qe5 21. Bd2 Be4
22. Bxe4 Nxe4 23. Rac1 Rd8 24. Rc4 Nc3 25. f4 Qf6 26. Bxc3 bxc3 27. Qc6 c2 28.
Rxc2 dxc2 29. Rxd8+ Bf8 30. Rc8 Qa1+ 31. Kg2 Qe1 32. Qxc2 Qxe3 33. a5 h5 34.
Qf2 Qe4+ 35. Qf3 Qb4 36. Qxh5 Qb7+ 0-1

[Event "4NCL/Div1/3CS1 vs. RICA"]
[Site "West Bromwich ENG"]
[Date "2005.05.01"]
[Round "10.5"]
[White "Bentley, John L"]
[Black "Van der Griendt, Jan W"]
[Result "0-1"]
[WhiteElo "2216"]
[BlackElo "2373"]
[PlyCount "74"]
[EventDate "2005.05.01"]
[SourceDate "2004.09.21"]

1. d4 Nf6 2. c4 e6 3. Nc3 d5 4. cxd5 exd5 5. Bg5 Be7 6. e3 Nbd7 7. Bd3 c6 8.
Qc2 O-O 9. Nf3 Re8 10. O-O Nf8 11. h3 Ne4 12. Bf4 Nxc3 13. Qxc3 Ne6 14. Bg3 a5
15. Qc2 g6 16. Ne5 Ng7 17. Ng4 Be6 18. a3 Kh8 19. b4 Nf5 20. Bh2 f6 21. Rac1 h5
22. Bxf5 Bxf5 23. Nh6 Bxc2 24. Nf7+ Kg8 25. Nxd8 Bd3 26. Rfd1 Be2 27. Rd2 Rexd8
28. Rxe2 axb4 29. axb4 Bxb4 30. Rb1 b5 31. Rc2 Rdc8 32. f3 Bf8 33. e4 b4 34.
Kf2 Kf7 35. Ke2 Ke6 36. e5 fxe5 37. Bxe5 c5 0-1

[Event "4NCL/Div1/3CS1 vs. RICA"]
[Site "West Bromwich ENG"]
[Date "2005.05.01"]
[Round "10.6"]
[White "Webb, Laurence E"]
[Black "James, Dale R"]
[Result "1-0"]
[WhiteElo "2336"]
[BlackElo "2199"]
[PlyCount "65"]
[EventDate "2005.05.01"]
[SourceDate "2004.09.21"]

1. e4 c5 2. Nf3 Nc6 3. Bb5 g6 4. O-O Bg7 5. Re1 Qa5 6. a4 a6 7. Bxc6 dxc6 8. d3
Nf6 9. Nbd2 Nd7 10. Nc4 Qc7 11. e5 O-O 12. a5 b5 13. axb6 Nxb6 14. Nxb6 Qxb6
15. b3 Rd8 16. Bd2 Rd5 17. h3 Qc7 18. Qe2 Be6 19. Bc3 h6 20. Ra4 g5 21. Rea1
Qc8 22. Nd2 Bf5 23. Nc4 Qb7 24. Ne3 e6 25. Nxd5 cxd5 26. d4 cxd4 27. Bxd4 Rc8
28. R1a2 Qc7 29. c3 Rb8 30. b4 h5 31. Qxh5 Bd3 32. Qxg5 Kh7 33. Qh5+ 1-0

[Event "4NCL/Div1/3CS1 vs. RICA"]
[Site "West Bromwich ENG"]
[Date "2005.05.01"]
[Round "10.7"]
[White "Walton, Alan J"]
[Black "Mitchem, Nicholas D"]
[Result "1/2-1/2"]
[WhiteElo "2178"]
[BlackElo "2060"]
[PlyCount "79"]
[EventDate "2005.05.01"]
[SourceDate "2004.09.21"]

1. d4 Nf6 2. Bg5 e6 3. e4 h6 4. Bxf6 Qxf6 5. c3 c5 6. Nf3 cxd4 7. cxd4 Bb4+ 8.
Nc3 O-O 9. Bd3 d6 10. O-O Bxc3 11. bxc3 e5 12. Rb1 b6 13. Bc4 Bb7 14. Qd3 Nc6
15. Rfd1 Rfd8 16. Bd5 Rac8 17. Ne1 Rc7 18. Nc2 Rdc8 19. Ne3 Ne7 20. Bxb7 Rxb7
21. Rb3 Rbc7 22. h3 Qe6 23. Ra3 g6 24. d5 Qd7 25. Ng4 Kg7 26. Qe3 Ng8 27. f4 h5
28. Nf2 exf4 29. Qxf4 Qe7 30. Qe3 Nf6 31. Rd4 Nd7 32. Rda4 Nc5 33. Qd4+ Kh7 34.
Rb4 Qg5 35. Rb1 Re8 36. c4 Qe5 37. Rd1 Qxd4 38. Rxd4 Rce7 39. g4 h4 40. Kg2
1/2-1/2

[Event "4NCL/Div1/3CS1 vs. RICA"]
[Site "West Bromwich ENG"]
[Date "2005.05.01"]
[Round "10.8"]
[White "Wilson, Alexandra"]
[Black "Plant, Paul"]
[Result "1/2-1/2"]
[WhiteElo "2058"]
[BlackElo "2123"]
[PlyCount "63"]
[EventDate "2005.05.01"]
[SourceDate "2004.09.21"]

1. e4 e6 2. d4 d5 3. e5 c5 4. c3 Nc6 5. Nf3 Qb6 6. a3 Nh6 7. b4 cxd4 8. cxd4
Nf5 9. Bb2 Bd7 10. g4 Nh6 11. h3 Rc8 12. Nc3 Na5 13. Na4 Qc6 14. Nc5 Nc4 15.
Bc1 b6 16. Nxd7 Qxd7 17. Bxh6 gxh6 18. Nd2 Nb2 19. Qb3 Na4 20. b5 Nc3 21. Rc1
Ne4 22. Rxc8+ Qxc8 23. Nxe4 Qc1+ 24. Qd1 Qxd1+ 25. Kxd1 dxe4 26. a4 Ba3 27. Ke2
Bb2 28. Ke3 O-O 29. Bg2 Rc8 30. Bxe4 Rc4 31. Rd1 Rxa4 32. h4 1/2-1/2

[Event "4NCL/Div1/GUI2 vs. WGR1"]
[Site "West Bromwich ENG"]
[Date "2005.05.01"]
[Round "10.2"]
[White "Shirov, Alexei"]
[Black "Flear, Glenn C"]
[Result "1-0"]
[WhiteElo "2714"]
[BlackElo "2475"]
[PlyCount "63"]
[EventDate "2005.05.01"]
[SourceDate "2004.09.21"]

1. e4 e5 2. Nf3 Nc6 3. Bb5 a6 4. Ba4 Nf6 5. O-O Nxe4 6. d4 b5 7. Bb3 d5 8. dxe5
Be6 9. Nbd2 Nc5 10. c3 Bg4 11. Re1 d4 12. h3 Bh5 13. g4 Bg6 14. Nxd4 Nxd4 15.
cxd4 Qxd4 16. Qf3 Rd8 17. Nf1 Nxb3 18. e6 Bb4 19. axb3 Bxe1 20. Qc6+ Kf8 21.
Be3 Qd6 22. Bc5 Bb4 23. Bxd6+ Bxd6 24. exf7 h5 25. Rxa6 hxg4 26. hxg4 b4 27.
Ne3 Bxf7 28. Ra8 Re8 29. Nf5 Bh2+ 30. Kg2 Rxa8 31. Qxa8+ Be8 32. Qd8 1-0

[Event "4NCL/Div1/GUI2 vs. WGR1"]
[Site "West Bromwich ENG"]
[Date "2005.05.01"]
[Round "10.3"]
[White "Kosten, Anthony C"]
[Black "Lalic, Bogdan"]
[Result "1/2-1/2"]
[WhiteElo "2537"]
[BlackElo "2503"]
[PlyCount "120"]
[EventDate "2005.05.01"]
[SourceDate "2004.09.21"]

1. Nf3 Nf6 2. c4 g6 3. b4 Bg7 4. Bb2 O-O 5. g3 d6 6. Bg2 e5 7. O-O e4 8. Ne1
Re8 9. Nc3 c6 10. d3 e3 11. fxe3 d5 12. cxd5 Nxd5 13. Qb3 Be6 14. Nxd5 Bxb2 15.
Qxb2 cxd5 16. Nc2 Nd7 17. Rf4 Rc8 18. Raf1 Qc7 19. Nd4 Qe5 20. Qd2 Re7 21. Nxe6
Qxe6 22. d4 Qc6 23. Qd3 Nb6 24. e4 Qc2 25. Qf3 dxe4 26. Rxe4 Rxe4 27. Qxe4 Qxa2
28. Qxb7 Rf8 29. Qe4 Qd2 30. d5 Nc8 31. h4 Nd6 32. Qf4 Qxf4 33. gxf4 f5 34. Ra1
Rf7 35. Ra6 Rd7 36. Kf2 Kf7 37. Ke3 Ke7 38. Kd4 Rc7 39. Kd3 Kd7 40. e3 Rb7 41.
Kc3 Rc7+ 42. Rc6 Rb7 43. Bf3 Nb5+ 44. Kd3 Nd6 45. Ra6 Rxb4 46. Rxa7+ Rb7 47.
Rxb7+ Nxb7 48. Kd4 Kd6 49. Bd1 Nc5 50. Bc2 Nd7 51. e4 fxe4 52. Bxe4 Nf6 53. Bf3
Nd7 54. Bg2 Nf6 55. Be4 Nh5 56. f5 gxf5 57. Bxf5 Nf4 58. Be4 h5 59. Bf3 Ke7 60.
Kc5 Nxd5 1/2-1/2

[Event "4NCL/Div1/GUI2 vs. WGR1"]
[Site "West Bromwich ENG"]
[Date "2005.05.01"]
[Round "10.4"]
[White "Gormally, Daniel W"]
[Black "Gallagher, Joseph G"]
[Result "1-0"]
[WhiteElo "2532"]
[BlackElo "2535"]
[PlyCount "69"]
[EventDate "2005.05.01"]
[SourceDate "2004.09.21"]

1. e4 c5 2. Nc3 Nc6 3. Nf3 d6 4. d4 cxd4 5. Nxd4 Nf6 6. Bg5 Qb6 7. Nb3 e6 8.
Qd2 Be7 9. O-O-O O-O 10. f3 Rd8 11. Kb1 a6 12. Be3 Qc7 13. Qf2 Nd7 14. g4 b5
15. g5 Rb8 16. h4 Nb6 17. h5 Na4 18. Ne2 Ne5 19. Bc1 Nc4 20. Bh3 Bd7 21. Ned4
Naxb2 22. Bxb2 Nxb2 23. Kxb2 Bxg5 24. f4 Bf6 25. h6 g6 26. f5 Rf8 27. Kb1 a5
28. fxe6 fxe6 29. Qd2 Rfe8 30. Rhf1 Bh8 31. e5 dxe5 32. Nf3 Bc6 33. Qd6 Qxd6
34. Rxd6 Bd5 35. Ng5 1-0

[Event "4NCL/Div1/GUI2 vs. WGR1"]
[Site "West Bromwich ENG"]
[Date "2005.05.01"]
[Round "10.5"]
[White "Hebden, Mark L"]
[Black "Baburin, Alexander"]
[Result "1/2-1/2"]
[WhiteElo "2514"]
[BlackElo "2523"]
[PlyCount "85"]
[EventDate "2005.05.01"]
[SourceDate "2004.09.21"]

1. d4 d5 2. Nf3 Nf6 3. c4 e6 4. Bg5 c6 5. Nbd2 dxc4 6. Nxc4 Bb4+ 7. Bd2 Bxd2+
8. Qxd2 O-O 9. b4 b6 10. Rc1 Ba6 11. e3 Nbd7 12. Nce5 Bxf1 13. Rxf1 Nxe5 14.
Nxe5 Qd5 15. Nxc6 Qxg2 16. f3 Qh3 17. e4 Nh5 18. Rc2 f5 19. e5 Qh4+ 20. Qf2
Qxf2+ 21. Kxf2 Nf4 22. Ne7+ Kf7 23. Rc7 Ke8 24. Ke3 Ng2+ 25. Kd2 Rf7 26. Rc8+
Rxc8 27. Nxc8 Rc7 28. Nd6+ Kd8 29. f4 h6 30. d5 exd5 31. Nxf5 g5 32. fxg5 hxg5
33. Nd6 Nf4 34. h4 Ng6 35. hxg5 Nxe5 36. Rf5 Nc4+ 37. Nxc4 Rxc4 38. Rxd5+ Ke7
39. a3 Rg4 40. Kc3 Ke6 41. Rb5 Rg3+ 42. Kb2 Rg2+ 43. Kb3 1/2-1/2

[Event "4NCL/Div1/GUI2 vs. WGR1"]
[Site "West Bromwich ENG"]
[Date "2005.05.01"]
[Round "10.7"]
[White "Shaw, John K"]
[Black "Turner, Matthew J"]
[Result "1/2-1/2"]
[WhiteElo "2454"]
[BlackElo "2499"]
[PlyCount "75"]
[EventDate "2005.05.01"]
[SourceDate "2004.09.21"]

1. e4 e5 2. Nf3 Nc6 3. Bb5 a6 4. Bxc6 dxc6 5. O-O Ne7 6. Nxe5 Qd4 7. Qh5 g6 8.
Qg5 Bg7 9. Nd3 f5 10. e5 Qg4 11. f4 Qxg5 12. fxg5 f4 13. Nxf4 Bxe5 14. Nc3 O-O
{(=)} 15. d3 Bd7 16. Bd2 Rf5 17. Nfe2 Raf8 18. Rxf5 Nxf5 19. Rf1 Nd4 20. Rxf8+
Kxf8 21. Nxd4 Bxd4+ 22. Kf1 Bg4 23. Ke1 Ke7 24. b3 Bxc3 25. Bxc3 Kd6 26. Kd2 b6
27. h3 Be6 28. Ke3 Bd5 29. g3 Bg2 30. h4 c5 31. Kf4 a5 32. Be5+ Kd7 33. a4 Bh1
34. Ke3 Bg2 35. Bf4 Bh1 36. Kd2 Bf3 37. Kc3 Bd1 38. Kd2 1/2-1/2

[Event "4NCL/Div1/GUI2 vs. WGR1"]
[Site "West Bromwich ENG"]
[Date "2005.05.01"]
[Round "10.8"]
[White "Cramling, Pia"]
[Black "Lalic, Susan"]
[Result "1/2-1/2"]
[WhiteElo "2499"]
[BlackElo "2369"]
[PlyCount "54"]
[EventDate "2005.05.01"]
[SourceDate "2004.09.21"]

1. d4 d5 2. Nf3 c5 3. c4 e6 4. cxd5 exd5 5. g3 Nc6 6. Bg2 Nf6 7. O-O Be7 8. Nc3
O-O 9. dxc5 Bxc5 10. Bg5 d4 11. Na4 Be7 12. Rc1 Qa5 13. a3 Bg4 14. Bxf6 Bxf6
15. h3 Be6 16. Nd2 Be7 17. b4 Qh5 18. g4 Qh6 19. Nc5 Ne5 20. Nxe6 fxe6 21. Ne4
Rad8 22. Rc7 Ng6 23. Qb3 Rd5 24. Nc5 Bxc5 25. Rxc5 Nf4 26. Rxd5 exd5 27. Kh2
Nxe2 1/2-1/2

[Event "4NCL/Div1/GUI1 vs. AD1"]
[Site "West Bromwich ENG"]
[Date "2005.05.01"]
[Round "10.2"]
[White "Chandler, Murray G"]
[Black "Efimenko, Zahar"]
[Result "1/2-1/2"]
[WhiteElo "2544"]
[BlackElo "2601"]
[PlyCount "107"]
[EventDate "2005.05.01"]
[SourceDate "2004.09.21"]

1. e4 e6 2. d4 d5 3. Nc3 Nf6 4. e5 Nfd7 5. Nf3 c5 6. dxc5 Nc6 7. Bf4 Be7 8. Bd3
Nxc5 9. O-O O-O 10. Re1 a6 11. a3 f5 12. exf6 Bxf6 13. Bg3 Qb6 14. Rb1 Nxd3 15.
Qxd3 Nd4 16. Ne5 Nf5 17. Bf4 Qd4 18. Qxd4 Nxd4 19. Rbd1 Nc6 20. Na4 Bd8 21.
Nxc6 bxc6 22. Bd6 Re8 23. c4 dxc4 24. Rd4 a5 25. Rxc4 Ba6 26. Rce4 Bb5 27. Nc5
a4 28. g3 Ba5 29. Rd1 Bb6 30. Nd7 Bd8 31. Bc5 h6 32. f4 Bc7 33. Kf2 Rad8 34.
Red4 Kh8 35. Kf3 Kg8 36. h4 h5 37. R1d2 Kf7 38. Kf2 Kg8 39. Ke3 Kh7 40. Ke4 Kg8
41. Kf3 Kh7 42. g4 hxg4+ 43. Kxg4 Kh6 44. h5 Ba6 45. Kh4 Bc8 46. Ne5 Rd5 47.
Nf7+ Kh7 48. Bd6 Ba5 49. Bb4 Bb6 50. Rc4 Bc7 51. Rg2 Rg8 52. Bc3 Rf5 53. Ng5+
Kh6 54. Be5 1/2-1/2

[Event "4NCL/Div1/GUI1 vs. AD1"]
[Site "West Bromwich ENG"]
[Date "2005.05.01"]
[Round "10.3"]
[White "Rowson, Jonathan"]
[Black "Mestel, A Jonathan"]
[Result "1/2-1/2"]
[WhiteElo "2572"]
[BlackElo "2499"]
[PlyCount "82"]
[EventDate "2005.05.01"]
[SourceDate "2004.09.21"]

1. d4 Nf6 2. c4 g6 3. Nc3 Bg7 4. e4 d6 5. f3 O-O 6. Be3 Nc6 7. Nge2 a6 8. Qd2
Rb8 9. Rc1 e5 10. d5 Na5 11. Nd1 c5 12. b4 cxb4 13. Qxb4 b6 14. Nec3 Re8 15.
Na4 Nd7 16. Nxb6 Nxc4 17. Qxc4 Nxb6 18. Qc7 Nd7 19. Qxd6 Qa5+ 20. Bd2 Qxa2 21.
Nc3 Qb2 22. Qc7 Bf8 23. Rb1 Rb7 24. Qc6 Qxb1+ 25. Nxb1 Rxb1+ 26. Kf2 Rb2 27.
Qc1 Ba3 28. Be2 Ra2 29. Qd1 Nc5 30. Be3 Bd7 31. Qb1 Rb2 32. Qxb2 Bxb2 33. Bxc5
a5 34. Rb1 Rb8 35. Kf1 Rc8 36. Rxb2 Rxc5 37. Rb7 Bc8 38. Ra7 Kf8 39. d6 Be6 40.
Ra8+ Kg7 41. Bd1 Rc6 1/2-1/2

[Event "4NCL/Div1/GUI1 vs. AD1"]
[Site "West Bromwich ENG"]
[Date "2005.05.01"]
[Round "10.4"]
[White "Hennigan, Michael T"]
[Black "King, Daniel J"]
[Result "1/2-1/2"]
[WhiteElo "2400"]
[BlackElo "2517"]
[PlyCount "163"]
[EventDate "2005.05.01"]
[SourceDate "2004.09.21"]

1. g3 d5 2. Bg2 Nf6 3. d3 c5 4. Nf3 Nc6 5. O-O Bg4 6. h3 Bh5 7. c4 e6 8. Qb3
Qd7 9. g4 Bg6 10. Bf4 Bd6 11. Bxd6 Qxd6 12. Nc3 O-O 13. g5 dxc4 14. Qxb7 Rab8
15. Nb5 Qd5 16. Qa6 Nb4 17. Qa4 Nh5 18. Nc3 Qf5 19. a3 cxd3 20. e4 Qf4 21. axb4
cxb4 22. Nb1 Bxe4 23. Nbd2 Bxf3 24. Nxf3 e5 25. Qd1 e4 26. Nd2 e3 27. fxe3
Qxe3+ 28. Rf2 Nf4 29. Nf3 Ne2+ 30. Kf1 Ng3+ 31. Kg1 Ne2+ 32. Kf1 Ng3+ 33. Kg1
Ne4 34. Qe1 Qxe1+ 35. Rxe1 Nxf2 36. Kxf2 Rbc8 37. Nd4 Rfd8 38. Nc6 d2 39. Rd1
Rd7 40. Nxb4 Rb8 41. Nd5 Rxb2 42. Ke2 Rd6 43. Kd3 Re6 44. Be4 Ra2 45. Nc3 Ra5
46. h4 Rc5 47. Nd5 Ra5 48. Nc3 Ra3 49. Kxd2 g6 50. Bd5 Re5 51. Kc2 Re3 52. Bb3
Ra5 53. Rd8+ Kg7 54. Nd5 Rc5+ 55. Kd2 Rf3 56. Nf6 Rxf6 57. gxf6+ Kxf6 58. Rd7
Rh5 59. Rxf7+ Ke5 60. Rxa7 Rxh4 61. Bd1 Kf4 62. Rf7+ Kg5 63. Ke3 Kh6 64. Bf3
Kg5 65. Bd5 Rh3+ 66. Ke4 h5 67. Ke5 Ra3 68. Rf1 Rg3 69. Be4 h4 70. Rf6 Kh5 71.
Rf8 Rg1 72. Rh8+ Kg5 73. Bxg6 h3 74. Bf5 h2 75. Rxh2 Rg3 76. Rh8 Re3+ 77. Be4
Rg3 78. Rh7 Rg4 79. Bf5 Rg3 80. Rg7+ Kh4 81. Ra7 Kg5 82. Be4 1/2-1/2

[Event "4NCL/Div1/GUI1 vs. AD1"]
[Site "West Bromwich ENG"]
[Date "2005.05.01"]
[Round "10.5"]
[White "Plaskett, James"]
[Black "Richardson, John R"]
[Result "1/2-1/2"]
[WhiteElo "2490"]
[BlackElo "2309"]
[PlyCount "56"]
[EventDate "2005.05.01"]
[SourceDate "2004.09.21"]

1. d4 Nf6 2. c4 e6 3. Nf3 d5 4. Nc3 Bb4 5. e3 O-O 6. Bd3 dxc4 7. Bxc4 c5 8. O-O
cxd4 9. exd4 b6 10. Re1 Bb7 11. Bg5 Nbd7 12. Rc1 Rc8 13. Qd3 Bxf3 14. gxf3 Be7
15. Be3 Qc7 16. Ba6 Rcd8 17. Nd5 Qd6 18. Nxe7+ Qxe7 19. Rc7 Qd6 20. Rxa7 Qb8
21. Rb7 Qa8 22. Qb5 Nb8 23. Rxb6 Rd5 24. Qe2 Qa7 25. Rb7 Qa8 26. Rb6 Qa7 27.
Rb7 Qa8 28. Rb6 Qa7 1/2-1/2

[Event "4NCL/Div1/GUI1 vs. AD1"]
[Site "West Bromwich ENG"]
[Date "2005.05.01"]
[Round "10.6"]
[White "Snape, Ian"]
[Black "Conquest, Stuart C"]
[Result "0-1"]
[WhiteElo "2265"]
[BlackElo "2515"]
[PlyCount "74"]
[EventDate "2005.05.01"]
[SourceDate "2004.09.21"]

1. c4 f5 2. Nc3 Nf6 3. g3 e6 4. Bg2 Bb4 5. Qb3 a5 6. e3 Nc6 7. Nge2 Ne5 8. O-O
Nd3 9. Qc2 Nxc1 10. Raxc1 O-O 11. d4 d5 12. Na4 Bd6 13. Nf4 c6 14. a3 Kh8 15.
h4 Rb8 16. Nc5 Qe7 17. Ncd3 Bd7 18. c5 Bc7 19. b4 axb4 20. axb4 Be8 21. Ra1 h6
22. Ra7 g5 23. hxg5 hxg5 24. Nh3 Rg8 25. Rfa1 Qh7 26. Ra8 f4 27. Rxb8 Bxb8 28.
Ra8 Bc7 29. exf4 gxf4 30. Qe2 fxg3 31. fxg3 Bxg3 32. Qxe6 Qh4 33. Qe3 Ng4 34.
Qe6 Nf6 35. Kh1 Qxd4 36. Ng5 Qh4+ 37. Nh3 Bf7 0-1

[Event "4NCL/Div1/GUI1 vs. AD1"]
[Site "West Bromwich ENG"]
[Date "2005.05.01"]
[Round "10.7"]
[White "Cherniaev, Alexander"]
[Black "Lyell, Mark"]
[Result "1-0"]
[WhiteElo "2469"]
[BlackElo "2224"]
[PlyCount "59"]
[EventDate "2005.05.01"]
[SourceDate "2004.09.21"]

1. d4 d5 2. Nf3 Nf6 3. c4 dxc4 4. e3 Bg4 5. Bxc4 e6 6. Qb3 Bxf3 7. gxf3 Nbd7 8.
Nc3 Be7 9. e4 Nb6 10. Be3 Nxc4 11. Qxc4 O-O 12. O-O c6 13. Kh1 Qa5 14. Rg1 Qh5
15. Rg3 Nd7 16. Rag1 g6 17. Qf1 Rfd8 18. Nd5 cxd5 19. Rh3 Bh4 20. Rg4 dxe4 21.
Rgxh4 Qd5 22. fxe4 Qxa2 23. Rxh7 Nf6 24. R7h4 Qxb2 25. Qg1 Qc2 26. Qg5 Nh5 27.
Rxh5 Qb1+ 28. Kg2 Qxe4+ 29. Kg3 f6 30. Rh8+ 1-0

[Event "4NCL/Div1/GUI1 vs. AD1"]
[Site "West Bromwich ENG"]
[Date "2005.05.01"]
[Round "10.8"]
[White "Bellin, Jana"]
[Black "Krush, Irina"]
[Result "0-1"]
[WhiteElo "2184"]
[BlackElo "2455"]
[PlyCount "75"]
[EventDate "2005.05.01"]
[SourceDate "2004.09.21"]

1. d4 d5 2. Nf3 Nf6 3. Bf4 c5 4. c3 Nbd7 5. e3 g6 6. h3 Bg7 7. Be2 O-O 8. O-O
b6 9. Ne5 Bb7 10. Nd2 Ne8 11. Nxd7 Qxd7 12. Bh2 Nd6 13. a4 f6 14. a5 Kh8 15. a6
Bc6 16. dxc5 bxc5 17. Ra5 Rab8 18. Qc2 Rbc8 19. b3 Ba8 20. Qa2 e5 21. Qa3 Qc6
22. Bf3 f5 23. Nc4 Nf7 24. Ra4 e4 25. Na5 Qxa6 26. Bd1 Qd3 27. c4 d4 28. Qc1
Ne5 29. b4 cxb4 30. Rxb4 Qc3 31. Qxc3 dxc3 32. Bc2 Nd3 33. Ra4 Nb2 34. Ra3 Rfd8
35. Nb3 Nxc4 36. Rxa7 Nd2 37. Rfa1 Nxb3 38. Bxb3 0-1

[Event "4NCL/Div1/BRI1 vs. BAR1"]
[Site "West Bromwich ENG"]
[Date "2005.05.01"]
[Round "10.1"]
[White "Werle, Jan"]
[Black "Kelly, Brian"]
[Result "1-0"]
[WhiteElo "2457"]
[BlackElo "2497"]
[PlyCount "103"]
[EventDate "2005.05.01"]
[SourceDate "2004.09.21"]

1. Nf3 Nf6 2. c4 c6 3. d4 d5 4. Nc3 a6 5. c5 Nbd7 6. Bf4 Nh5 7. e3 g6 8. Bd3
Bg7 9. O-O O-O 10. Bg5 Re8 11. e4 dxe4 12. Bxe4 Ndf6 13. Bc2 Be6 14. Re1 Nd5
15. Qd2 b6 16. cxb6 Qxb6 17. Bb3 Nhf6 18. Na4 Qc7 19. Rac1 Qd6 20. Ne5 Rec8 21.
Nc5 Bf5 22. h3 h5 23. Qe2 Nh7 24. Bd2 h4 25. Nxa6 e6 26. Nc5 Ne7 27. Be3 Nf8
28. Qf3 Nd5 29. Bg5 Nb4 30. a3 Na6 31. Nxf7 Qxd4 32. Nxa6 Rxa6 33. Nh6+ Bxh6
34. Bxh6 Qxb2 35. a4 Ra7 36. Re2 Qh8 37. Bg5 Rb7 38. Rce1 Rcb8 39. Bc2 Qd4 40.
Bxf5 exf5 41. Qxc6 Rb6 42. Qc2 Rb2 43. Rd2 Rxc2 44. Rxd4 Rbb2 45. Rf4 Nh7 46.
Re8+ Kf7 47. Re7+ Kg8 48. Rd4 Rb8 49. Bh6 f4 50. Bxf4 Rb1+ 51. Kh2 Rxf2 52. Be5
1-0

[Event "4NCL/Div1/BRI1 vs. BAR1"]
[Site "West Bromwich ENG"]
[Date "2005.05.01"]
[Round "10.2"]
[White "Parker, Jonathan"]
[Black "Cobb, Charles"]
[Result "1/2-1/2"]
[WhiteElo "2537"]
[BlackElo "2405"]
[PlyCount "54"]
[EventDate "2005.05.01"]
[SourceDate "2004.09.21"]

1. d4 e6 2. c4 Nf6 3. Nc3 d5 4. Nf3 Nbd7 5. cxd5 exd5 6. Bg5 c6 7. e3 Be7 8.
Qc2 O-O 9. Bd3 Re8 10. O-O Nf8 11. Ne5 Ng4 12. Bxe7 Qxe7 13. Nxg4 Bxg4 14. Rae1
Bh5 15. f4 f6 16. Qf2 Rad8 17. f5 h6 18. Qh4 Bf7 19. Qf4 a6 20. a3 c5 21. Bb1
c4 22. Qf2 b5 23. e4 dxe4 24. Nxe4 Qa7 25. Rd1 Re7 26. Kh1 Red7 27. Nc5 Rd6
1/2-1/2

[Event "4NCL/Div1/BRI1 vs. BAR1"]
[Site "West Bromwich ENG"]
[Date "2005.05.01"]
[Round "10.3"]
[White "Rudd, Jack"]
[Black "Palliser, Richard"]
[Result "0-1"]
[WhiteElo "2296"]
[BlackElo "2402"]
[PlyCount "48"]
[EventDate "2005.05.01"]
[SourceDate "2004.09.21"]

1. e4 Nf6 2. Nc3 d5 3. e5 Nfd7 4. e6 fxe6 5. d4 c5 6. Nf3 Nc6 7. dxc5 g6 8. h4
Bg7 9. Be3 Qa5 10. Qd2 Nxc5 11. h5 Bd7 12. Bb5 Ne4 13. Nxe4 Qxb5 14. Nc5 Qxb2
15. O-O Qc3 16. Qe2 Qc4 17. Qxc4 dxc4 18. Rad1 Bc8 19. Ng5 Bf6 20. hxg6 hxg6
21. Rfe1 e5 22. f4 exf4 23. Bxf4 Bg4 24. Rd6 O-O 0-1

[Event "4NCL/Div1/BRI1 vs. BAR1"]
[Site "West Bromwich ENG"]
[Date "2005.05.01"]
[Round "10.4"]
[White "Rogers, Jonathan W"]
[Black "Buckley, Simon T"]
[Result "0-1"]
[WhiteElo "2340"]
[BlackElo "2332"]
[PlyCount "128"]
[EventDate "2005.05.01"]
[SourceDate "2004.09.21"]

1. Nf3 d6 2. d4 Nf6 3. c4 g6 4. Nc3 Bg7 5. b4 c5 6. a3 cxd4 7. Nxd4 d5 8. e3
O-O 9. Bb2 Nc6 10. Nxc6 bxc6 11. Be2 dxc4 12. Bxc4 a5 13. O-O axb4 14. axb4 Rb8
15. Qb3 Qd6 16. Be2 Rxb4 17. Qa3 Qb8 18. Nd1 Rb3 19. Qa2 Be6 20. Rc1 Ng4 21.
Bxg4 Rxb2 22. Bxe6 Rxa2 23. Bxa2 Qb6 24. Re1 Rd8 25. Re2 Qc5 26. Rb1 Qb5 27.
Kf1 Qa6 28. Ke1 Qa5+ 29. Kf1 c5 30. g3 Qa4 31. Bb3 Qa6 32. Ke1 c4 33. Bc2 c3
34. Rb3 Qc4 35. e4 Bd4 36. Ne3 Qc5 37. Kf1 e6 38. Kg2 Ra8 39. Ng4 h5 40. Ne3
Ra2 41. Nf1 Kg7 42. Rb1 Qc6 43. Rbe1 Qc4 44. h4 f6 45. Nh2 e5 46. Nf3 Rb2 47.
Nh2 f5 48. Nf3 fxe4 49. Ng5 e3 50. f3 Kf8 51. Kh3 Ke7 52. Kg2 Kd6 53. Kh3 Kc5
54. Ne4+ Kb4 55. Rg2 Qa2 56. Ree2 Rxc2 57. Rxc2 Qxc2 58. Rxc2 Kb3 59. Re2 c2
60. Re1 Kb2 61. g4 c1=Q 62. Rxc1 Kxc1 63. Ng3 Kd1 64. f4 exf4 0-1

[Event "4NCL/Div1/BRI1 vs. BAR1"]
[Site "West Bromwich ENG"]
[Date "2005.05.01"]
[Round "10.5"]
[White "Beaumont, Chris"]
[Black "Taylor, Martin R"]
[Result "1/2-1/2"]
[WhiteElo "2329"]
[BlackElo "2308"]
[PlyCount "86"]
[EventDate "2005.05.01"]
[SourceDate "2004.09.21"]

1. d4 d5 2. Nf3 e6 3. g3 Bd6 4. Bg2 f5 5. O-O Nf6 6. c4 c6 7. Qc2 O-O 8. Nbd2
Qe7 9. Ne5 Bd7 10. Ndf3 Ne4 11. Nd3 Be8 12. Rb1 Nd7 13. b4 dxc4 14. Qxc4 Nb6
15. Qc2 Nd5 16. Nfe5 Nxb4 17. Nxb4 Bxb4 18. Qb3 Bd6 19. Qxb7 Qxb7 20. Rxb7 Bxe5
21. dxe5 Nc3 22. Bf3 Rf7 23. Rb3 Nd5 24. Bd2 c5 25. Rd3 Rd7 26. Rc1 Rc8 27. Ba5
c4 28. Rd4 Rc5 29. Be1 Nb6 30. Bc3 g6 31. Rcd1 Nd5 32. Bxd5 Rdxd5 33. Rxd5 Rxd5
34. Rb1 Rb5 35. Rxb5 Bxb5 36. f4 Kf7 37. Kf2 Ke8 38. Ke3 Kd7 39. Kd4 Kc6 40.
Bb4 Ba6 41. e3 Kb5 {(=)} 42. Bd6 Kc6 43. h3 h5 1/2-1/2